Central Library OPAC University of Rajshahi

Introduction to general topology / (Record no. 70335)

MARC details
000 -LEADER
fixed length control field 00833nam a2200241 a 4500
001 - CONTROL NUMBER
control field 70335
003 - CONTROL NUMBER IDENTIFIER
rucl marc code BD-RjUL
005 - DATE AND TIME OF LATEST TRANSACTION
control field 20211209082004.0
008 - FIXED-LENGTH DATA ELEMENTS--GENERAL INFORMATION
fixed length control field 170417s1963 ne 001 0 eng d
035 ## - SYSTEM CONTROL NUMBER
System control number (BD-RjUL)70549
040 ## - CATALOGING SOURCE
Original cataloging agency DLC/ICU
Transcribing agency ICU
Language of cataloging eng
Modifying agency BD-RjUL
041 1# - LANGUAGE CODE
Language code of text/sound track or separate title eng
Language code of original hrv
082 ## - DEWEY DECIMAL CLASSIFICATION NUMBER
Edition number 23
Classification number 514.322
Author mark and year MAI 1963
100 1# - MAIN ENTRY--PERSONAL NAME
Personal name Mamuzić, Zlatko P.
9 (RLIN) 208272
245 10 - TITLE STATEMENT
Title Introduction to general topology /
Statement of responsibility, etc. Zlatko P. Mamuzić ; translated from the 1st Serbo-Croatian ed. by Leo F. Boron with the assistance of William J. Pervin, James L. Sieber and Robert C. Moore
260 ## - PUBLICATION, DISTRIBUTION, ETC. (IMPRINT)
Place of publication, distribution, etc. Groningen :
Name of publisher, distributor, etc. P. Noordhoff,
Date of publication, distribution, etc. c1963
300 ## - PHYSICAL DESCRIPTION
Pagination 159 p. ;
Size 23 cm
504 ## - BIBLIOGRAPHY, ETC. NOTE
Bibliography, etc Includes bibliography and index.
650 #0 - SUBJECT ADDED ENTRY--TOPICAL TERM
Topical term or geographic name as entry element Topology
9 (RLIN) 208273
Topical term or geographic name as entry element General topology
9 (RLIN) 208274
700 1# - ADDED ENTRY--PERSONAL NAME
Personal name Boron, Leo F.
942 ## - ADDED ENTRY ELEMENTS (KOHA)
Source of classification or shelving scheme Dewey Decimal Classification
Koha item type Books
Holdings
Lost status Source of classification or shelving scheme Damaged status Not for loan Collection code Permanent Location Current Location Shelving location Date acquired Source of acquisition Cost, normal purchase price Total Checkouts Full call number Date last seen Copy number Koha item type
  Dewey Decimal Classification   Not For Loan Non-fiction Central Library, University of Rajshahi Central Library, University of Rajshahi Reading Room 16/11/1965 Zeithlinger 35.00   514.322 MAI 1963 17/04/2017 C-1 Books